=LDR 00000nam 2200000 4500 =001 001017 =005 20250712025930 =035 ##$$a 0010-0725000896 =007 ta =008 250712################a##########0#ind## =020 ##$$a 978-623-472-360-1 =082 ##$$a 398.209 598 =084 ##$$a 398.209 598 HLE k =100 #$$a Hlengiwe Zondi san Zimbili Dlamini =245 1#$$a Keempat Temanku /$c Hlengiwe Zondi dan Zimbili Dlamini =250 ##$$a cetakan pertama =260 ##$$a jakarta :$b badan pengembangan dan pembinaan bahasa,$c 2022 =300 ##$$a 28 hlm. : $b ilus. ; $c 22,9 cm$e 398.209 598 =650 #4$$a literasi bahan bacaan =856 ##$$a TBM AS SUHADA =990 ##$$a TBM202400759